000
00319nam a22001457a 4500
008
230419b ||||| |||| 00| 0 eng d
020
_a
9780521543545
041
_a
eng
080
_2
THIRD EDITION
_a
37
082
_a
37GIL
100
_a
24
101
_a
EDU
245
_a
CLEAR SPEECH
_c
GILBERT.B.J
942
_2
udc
_c
BK
999
_c
59610
_d
59610